| 000 | 00667cam a2200217 a 4500 | ||
|---|---|---|---|
| 001 | 4890208 | ||
| 005 | 20220519113034.0 | ||
| 008 | 931109r19941979nyu 000 0 eng | ||
| 020 | _a9780140236835 | ||
| 082 | 0 | 0 | _a954.04 MEH |
| 100 | 1 | _aMehta, Gita. | |
| 245 | 1 | 0 |
_aKarma cola : _bmarketing the mystic East / _cGita Mehta. |
| 250 | _a1st Vintage International ed. | ||
| 260 |
_aNew Delhi : _bPenguin Group, _c1979. |
||
| 300 |
_axii, 193 p. ; _c21 cm. |
||
| 500 | _aOriginally published: New York : Simon and Schuster, 1979. | ||
| 650 | 0 |
_aVisitors, Foreign _zIndia. |
|
| 650 | 0 |
_aGurus _zIndia. |
|
| 651 | 0 |
_aIndia _xDescription and travel. |
|
| 942 |
_2ddc _cMAIN |
||
| 999 |
_c8963 _d8964 |
||